[Event "Guillermo Garcia Memorial op 27th"]
[Site "Santa Clara"]
[Date "2018.05.30"]
[Round "8"]
[White "Fernandez Mayola, Reynold Rafael"]
[Black "Pampren, Victor"]
[Result "1/2-1/2"]
[WhiteElo "2265"]
[BlackElo "2196"]
[PlyCount "179"]
[EventDate "2018.05.22"]
[EventType "swiss"]
[EventRounds "9"]
[EventCountry "CUB"]
[SourceTitle "CBM 184 Extra"]
[Source "ChessBase"]
[SourceDate "2018.06.28"]
[SourceVersion "1"]
[SourceVersionDate "2018.06.28"]
[SourceQuality "1"]

1. d4 Nf6 2. c4 g6 3. Nc3 Bg7 4. e4 d6 5. Nf3 0-0 6. Be2 Bg4 7. Be3 Nfd7 8. h3 Bxf3 9. Bxf3 c5 10. d5 Na6 11. 0-0 Nc7 12. Qd2 a6 13. Be2 Nf6 14. a4 e6 15. a5 exd5 16. exd5 Re8 17. Bd3 Rb8 18. Bc2 b6 19. axb6 Rxb6 20. b3 Nd7 21. g4 Ne5 22. Kg2 Qf6 23. Qe2 Nxg4 24. hxg4 Qxc3 25. Rac1 Qf6 26. Qf3 Qxf3+ 27. Kxf3 Reb8 28. Rh1 Ne8 29. Rh3 Nf6 30. g5 Nd7 31. Rch1 Nf8 32. Kg4 a5 33. Bd2 a4 34. bxa4 Rb2 35. Rc1 Nd7 36. f4 Ra2 37. Ba5 Rbb2 38. Rh2 Nb6 39. Bxb6 Rxb6 40. Re2 Rbb2 41. Re8+ Bf8 42. Rb1 Rxb1 43. Bxb1 Rxa4 44. Bd3 Ra3 45. Re3 h6 46. gxh6 Bxh6 47. Rf3 f5+ 48. Kg3 Kf7 49. Be2 Ra2 50. Bd3 Ra1 51. Rf1 Ra2 52. Re1 Ra3 53. Re3 Rb3 54. Kf3 Rc3 55. Be2 Rc1 56. Re6 Bf8 57. Re3 Rh1 58. Kg2 Rc1 59. Kf3 Be7 60. Re6 Ra1 61. Re3 g5 62. fxg5 Bxg5 63. Re6 Ra3+ 64. Kg2 Bf4 65. Bh5+ Kg7 66. Rg6+ Kh7 67. Rf6 Rg3+ 68. Kf2 Rg5 69. Be2 Be5 70. Re6 Kg7 71. Bd3 f4 72. Be2 Rg3 73. Bf3 Kf8 74. Rh6 Ke7 75. Rh7+ Kd8 76. Rf7 Rg6 77. Rh7 Bg7 78. Rh4 Rf6 79. Rh7 Rf7 80. Kg2 Ra7 81. Be4 Ra2+ 82. Kf3 Be5 83. Kg4 Re2 84. Bd3 Re3 85. Rh3 Rg3+ 86. Rxg3 fxg3 87. Kf3 Kc7 88. Bc2 Kb6 89. Ba4 Ka5 90. Bb5 1/2-1/2

[Event "Guillermo Garcia Memorial op 27th"]
[Site "Santa Clara"]
[Date "2018.05.29"]
[Round "7"]
[White "Berdayes Ason, Dylan Isidro"]
[Black "Pampren, Victor"]
[Result "1/2-1/2"]
[WhiteElo "2406"]
[BlackElo "2196"]
[PlyCount "66"]
[EventDate "2018.05.22"]
[EventType "swiss"]
[EventRounds "9"]
[EventCountry "CUB"]
[SourceTitle "CBM 184 Extra"]
[Source "ChessBase"]
[SourceDate "2018.06.28"]
[SourceVersion "1"]
[SourceVersionDate "2018.06.28"]
[SourceQuality "1"]

1. e4 d6 2. d4 Nf6 3. Nc3 g6 4. Be3 Bg7 5. h3 0-0 6. Nf3 c6 7. Bd3 Nbd7 8. Qd2 Qc7 9. Bh6 e5 10. 0-0 b5 11. dxe5 dxe5 12. Ne2 Re8 13. Ng3 Nc5 14. b4 Ne6 15. Rfd1 Bb7 16. Bxg7 Kxg7 17. Qc3 a5 18. bxa5 Rxa5 19. Qxe5 Qxe5 20. Nxe5 Nc5 21. Nf3 Nfxe4 22. Nxe4 Nxe4 23. Bxe4 Rxe4 24. Rd7 Bc8 25. Rc7 Re8 26. Rxc6 Bb7 27. Rc5 Rc8 28. Rxc8 Bxc8 29. Nd4 Bd7 30. Kf1 Ra4 31. Nb3 Bf5 32. c3 Be6 33. Nc5 Bc4+ 1/2-1/2

[Event "Guillermo Garcia Memorial op 26th"]
[Site "Santa Clara"]
[Date "2017.05.25"]
[Round "9"]
[White "Pampren, Victor"]
[Black "Leon Valdes, Jony Wilson"]
[Result "0-1"]
[WhiteElo "2241"]
[BlackElo "2374"]
[PlyCount "92"]
[EventDate "2017.05.16"]
[EventType "swiss"]
[EventRounds "9"]
[EventCountry "CUB"]
[SourceTitle "CBM 178 Extra"]
[Source "ChessBase"]
[SourceDate "2017.06.22"]
[SourceVersion "1"]
[SourceVersionDate "2017.06.22"]
[SourceQuality "1"]

1. Nf3 d5 2. d4 Nf6 3. g3 h6 4. Bg2 Bf5 5. 0-0 e6 6. c4 c6 7. Nc3 Nbd7 8. Qb3 Qb6 9. c5 Qa6 10. Qa4 Qxa4 11. Nxa4 b5 12. Nc3 a5 13. b3 g5 14. Re1 Ne4 15. Nxe4 Bxe4 16. Bb2 Bg7 17. Nd2 Bxg2 18. Kxg2 0-0 19. a3 e5 20. dxe5 Nxe5 21. Bxe5 Bxe5 22. Ra2 Rfe8 23. Nf3 Bg7 24. Rd1 Re4 25. e3 g4 26. Nh4 Re5 27. h3 h5 28. hxg4 hxg4 29. Rd4 Rg5 30. Rf4 Re8 31. Rd2 Ree5 32. Rdd4 f5 33. Rd2 Kf7 34. b4 a4 35. Rfd4 Rh5 36. f3 Rxe3 37. fxg4 Rxh4 38. gxh4 Bxd4 39. Rxd4 fxg4 40. Rxg4 Rxa3 41. h5 Ra2+ 42. Kg3 Ra1 43. Kg2 Re1 44. h6 Re6 45. Rg7+ Kf8 46. Rh7 Kg8 0-1

[Event "Guillermo Garcia Memorial op 26th"]
[Site "Santa Clara"]
[Date "2017.05.21"]
[Round "6"]
[White "Moreno del Pozo, Orlando"]
[Black "Pampren, Victor"]
[Result "0-1"]
[WhiteElo "2231"]
[BlackElo "2241"]
[PlyCount "89"]
[EventDate "2017.05.16"]
[EventType "swiss"]
[EventRounds "9"]
[EventCountry "CUB"]
[SourceTitle "CBM 178 Extra"]
[Source "ChessBase"]
[SourceDate "2017.06.22"]
[SourceVersion "1"]
[SourceVersionDate "2017.06.22"]
[SourceQuality "1"]

1. Nf3 Nf6 2. g3 g6 3. Bg2 Bg7 4. 0-0 0-0 5. d3 d6 6. e4 e5 7. Nc3 c6 8. d4 Nbd7 9. dxe5 dxe5 10. b3 Re8 11. Bb2 Qc7 12. Qe2 a5 13. Rfd1 Nc5 14. Qe3 b6 15. h3 Ba6 16. a3 Ne6 17. Na4 Nc5 18. Nxc5 bxc5 19. Nd2 Nd7 20. a4 c4 21. bxc4 Bf8 22. Nf3 Bxc4 23. Rxd7 Qxd7 24. Nxe5 Qe6 25. Ng4 Bg7 26. Bxg7 Kxg7 27. e5 Kh8 28. Qh6 f5 29. exf6 Ra7 30. Qe3 Rf7 31. Qc3 h5 32. Ne3 Bd5 33. Nxd5 cxd5 34. Rd1 Qxf6 35. Qxf6+ Rxf6 36. Rxd5 Re2 37. f4 Rb6 38. Rb5 Rxb5 39. axb5 Rxc2 40. b6 Rb2 41. b7 a4 42. Bd5 a3 43. g4 hxg4 44. hxg4 Rxb7 45. Bxb7 0-1

[Event "Guillermo Garcia Memorial op 26th"]
[Site "Santa Clara"]
[Date "2017.05.19"]
[Round "4"]
[White "Pampren, Victor"]
[Black "Marrero Castellanos, Roisbel"]
[Result "0-1"]
[WhiteElo "2241"]
[BlackElo "2307"]
[PlyCount "76"]
[EventDate "2017.05.16"]
[EventType "swiss"]
[EventRounds "9"]
[EventCountry "CUB"]
[SourceTitle "CBM 178 Extra"]
[Source "ChessBase"]
[SourceDate "2017.06.22"]
[SourceVersion "1"]
[SourceVersionDate "2017.06.22"]
[SourceQuality "1"]

1. Nf3 c5 2. g3 g6 3. Bg2 Bg7 4. 0-0 Nc6 5. c4 e6 6. Nc3 Nge7 7. d3 0-0 8. Bf4 d6 9. a3 b6 10. Rb1 Bb7 11. Qd2 Qd7 12. b4 Nd4 13. Nxd4 cxd4 14. Na2 Bxg2 15. Kxg2 e5 16. Bh6 Bxh6 17. Qxh6 Nf5 18. Qd2 h5 19. e4 dxe3 20. fxe3 d5 21. cxd5 Qxd5+ 22. Kf2 Rad8 23. Rfd1 h4 24. Nc3 Qd7 25. Ne4 hxg3+ 26. hxg3 Kg7 27. g4 Nh4 28. Qb2 f6 29. Kg3 Rh8 30. Nf2 Qd5 31. e4 Qd6 32. g5 f5 33. exf5 gxf5 34. Nh3 Kg6 35. Rbc1 Qd5 36. d4 f4+ 37. Kh2 Nf3+ 38. Kg2 Nd2+ 0-1

[Event "Guillermo Garcia Memorial op 24th"]
[Site "Santa Clara"]
[Date "2015.06.05"]
[Round "3"]
[White "Pampren, Victor"]
[Black "Ruiz, Luis"]
[Result "1/2-1/2"]
[WhiteElo "2165"]
[BlackElo "2224"]
[PlyCount "91"]
[EventDate "2015.06.03"]
[EventType "swiss"]
[EventRounds "9"]
[EventCountry "CUB"]
[SourceTitle "CBM 167 Extra"]
[Source "ChessBase"]
[SourceDate "2015.09.14"]
[SourceVersion "1"]
[SourceVersionDate "2015.09.14"]
[SourceQuality "1"]

1. d4 Nf6 2. c4 g6 3. Nc3 Bg7 4. e4 0-0 5. f3 c5 6. d5 d6 7. Be3 e6 8. Qd2 exd5 9. cxd5 a6 10. a4 Re8 11. Nge2 Nbd7 12. Ng3 h5 13. Be2 h4 14. Nf1 Rb8 15. Bg5 h3 16. g4 Ne5 17. Ng3 b5 18. 0-0 b4 19. Nd1 c4 20. Ne3 Qb6 21. Rac1 Nh7 22. Bf4 c3 23. bxc3 b3 24. Kh1 g5 25. Bxe5 Bxe5 26. Nc4 Bf4 27. Qd1 Qc5 28. Rb1 Bd7 29. a5 Bb5 30. Qd4 Qc7 31. Rxb3 Bxc4 32. Qxc4 Qxa5 33. Nf5 Rxb3 34. Qxb3 Nf8 35. Rd1 Qc5 36. Nd4 Nd7 37. Qb4 a5 38. Qxc5 Nxc5 39. Ra1 Ra8 40. Bf1 a4 41. Bxh3 Bd2 42. Nb5 Be3 43. Bf1 Nb3 44. Ra2 Nc1 45. Ra1 Nb3 46. Ra2 1/2-1/2

[Event "Capablanca Memorial op-B 48th"]
[Site "Havana"]
[Date "2013.04.29"]
[Round "8"]
[White "Martinez Ramirez, Lennis"]
[Black "Pampren, Victor"]
[Result "1-0"]
[WhiteElo "2251"]
[BlackElo "2223"]
[PlyCount "99"]
[EventDate "2013.04.21"]
[EventType "swiss"]
[EventRounds "9"]
[EventCountry "CUB"]
[SourceTitle "CBM 154 Extra"]
[Source "ChessBase"]
[SourceDate "2013.06.25"]
[SourceVersion "2"]
[SourceVersionDate "2013.06.25"]
[SourceQuality "1"]

1. d4 Nf6 2. c4 e6 3. Nf3 Bb4+ 4. Bd2 Qe7 5. g3 Nc6 6. Bg2 Bxd2+ 7. Qxd2 Ne4 8. Qd3 Qb4+ 9. Nbd2 Nxd2 10. Qxd2 Qxc4 11. 0-0 0-0 12. Rfc1 Qb5 13. a4 Qd5 14. b4 a6 15. Rab1 Qd6 16. b5 axb5 17. axb5 Ne7 18. Ne5 c6 19. Nc4 Qc7 20. b6 Qd8 21. Nd6 Ra6 22. Qb4 Nd5 23. Bxd5 exd5 24. Rc3 f5 25. Re3 Qf6 26. f4 Rxb6 27. Qxb6 Qxd6 28. Kh1 Qf6 29. Rd1 Qd8 30. Qxd8 Rxd8 31. Ra1 Kf7 32. Ra8 d6 33. Rb8 c5 34. Kg1 h6 35. Kf2 c4 36. Ke1 b5 37. Ra3 b4 38. Raa8 b3 39. Kd2 b2 40. Kc2 Re8 41. Rxc8 Rxe2+ 42. Kb1 Rxh2 43. Rc7+ Kg6 44. Ra6 Kh5 45. Rxd6 g5 46. Rxd5 Kg4 47. Rxc4 Kxg3 48. fxg5 hxg5 49. Rxf5 g4 50. d5 1-0

[Event "Capablanca Memorial op-B 48th"]
[Site "Havana"]
[Date "2013.04.22"]
[Round "2"]
[White "Pampren, Victor"]
[Black "Parra Gomez, Adrian"]
[Result "1/2-1/2"]
[WhiteElo "2223"]
[BlackElo "2130"]
[PlyCount "70"]
[EventDate "2013.04.21"]
[EventType "swiss"]
[EventRounds "9"]
[EventCountry "CUB"]
[SourceTitle "CBM 154 Extra"]
[Source "ChessBase"]
[SourceDate "2013.06.25"]
[SourceVersion "2"]
[SourceVersionDate "2013.06.25"]
[SourceQuality "1"]

1. c4 f5 2. Nc3 Nf6 3. d4 e6 4. f3 d5 5. e3 c6 6. Bd3 Bd6 7. Nge2 0-0 8. 0-0 Nbd7 9. Bd2 dxc4 10. Bxc4 Nb6 11. Bb3 Kh8 12. Be1 Nfd5 13. Bf2 Qg5 14. Qd2 Qh6 15. h3 Rf6 16. Rad1 Rg6 17. Kh1 f4 18. Nxf4 Bxf4 19. exf4 Rxg2 20. h4 Rg6 21. f5 exf5 22. Bxd5 cxd5 23. Rfe1 Bd7 24. Qxh6 Rxh6 25. Re5 Nc4 26. Re7 Bc6 27. b3 Nd6 28. Rde1 Kg8 29. R1e5 Rd8 30. Kg2 Kf8 31. Ne2 Nf7 32. Re3 Nh8 33. R7e5 Rf6 34. Nf4 Ng6 35. Nxg6+ Rxg6+ 1/2-1/2